000 nam a22 7a 4500
999 _c8709
_d8709
008 180119b ||||| |||| 00| 0 eng d
100 _aBhat.R.L.
_95062
245 _aAbc of School Atlas
260 _aNew Delhi
_bHoly Faith
_c2008